000
00311nam a2200145Ia 4500
100
_a
Amirthavalli/M
650
_a
Fuzzy logic
942
_c
BK
366
_f
25
245
_a
Fuzzy logic and neural networks
260
_b
Sci tech
_c
2004
082
_a
4.65
_b
AMI
546
_a
ENGLISH
_c
Computers
999
_c
31505
_d
31505